000 00343nam a2200133Ia 4500
008 220216s9999 xx 000 0 und d
100 _aMeenakshi Raman
245 0 _aClimate change battle in Paris
260 _bEconomic and Political Weekly
_c2016
300 _a35-40
650 _aClimate change
650 _aParis Agreement
942 _cJS
999 _c55652
_d55652